| 000 | 01398nam a22003017a 4500 | ||
|---|---|---|---|
| 001 | 9532 | ||
| 003 | FISKH | ||
| 005 | 20260120092618.0 | ||
| 008 | 260120b cb ||||| |||| 00| 0 eng d | ||
| 020 | _a241018722 | ||
| 040 |
_aFISKH _beng _cFISKH _dFISKH |
||
| 082 | _a823.91 | ||
| 100 | _aTrease , Geoffrey | ||
| 245 |
_aA masque for the queen / _cBy Geoffrey Trease : Illustrated by Krystyna Turska |
||
| 250 | _aFirst published in Great Britain 1970 | ||
| 260 |
_aLondon : _bHamist Hamilton , _c1970 . |
||
| 300 |
_a87 pages : _billustrations ; _c19 cm . |
||
| 505 | _aX | ||
| 520 | _aThe novel is set in Elizabethan England during the reign of Queen Elizabeth I. It follows a young man who becomes involved in preparing a court masque for the Queen. What begins as a theatrical project soon draws him into dangerous political intrigue, as the masque is linked to secret plots and rivalries at court. Through his experiences, he learns about loyalty, courage, and the hidden power of art. The story combines historical detail with adventure, showing how theatre and politics were closely connected in Elizabethan times. | ||
| 521 | 8 |
_a890
_bLexile estimate |
|
| 521 | 8 |
_aX
_bRaz-Plus |
|
| 650 |
_aPlay _vFiction |
||
| 650 |
_aScan _vFiction |
||
| 650 |
_aAdventure _vFiction |
||
| 700 |
_aTurska , Krystyna _eIllustrator |
||
| 942 |
_2ddc _cBK _n0 |
||
| 999 |
_c9532 _d9532 |
||